LIBRARY & INFORMATION CENTRE, KCAET, TAVANUR

ONLINE PUBLIC ACCESS CATALOGUE (OPAC)

Studies on rice bran oil extraction using ohmically heated rice bran (Record no. 15072)

MARC details
000 -LEADER
fixed length control field 00711nam a22001697a 4500
003 - CONTROL NUMBER IDENTIFIER
control field OSt
088 ## - REPORT NUMBER
Report number P 146
100 ## - MAIN ENTRY--AUTHOR NAME
Personal name DIVYA V. R
-- GOPU R. NAIR
-- HABEEBA V
-- LIJI PRASANNAN
245 ## - TITLE STATEMENT
Title Studies on rice bran oil extraction using ohmically heated rice bran
260 ## - PUBLICATION, DISTRIBUTION, ETC. (IMPRINT)
Place of publication Tavanur 2004
Name of publisher Kelappaji College of Agricultural Engineering and Technology
300 ## - PHYSICAL DESCRIPTION
Number of Pages 43
500 ## - GENERAL NOTE
General note Studies on rice bran oil extraction using ohmically heated rice bran
520 ## - SUMMARY, ETC.
Summary, etc Rice bran, which is one of the major by products of paddy contains high quality proteins and edible oil apart from fibre, ash and nitrogen free extract.
700 ## - ADDED ENTRY--PERSONAL NAME
Personal name Er. Prince M. V (Guide)
942 ## - ADDED ENTRY ELEMENTS (KOHA)
Koha item type Project Report
Holdings
Collection code Home library Current library Shelving location Full call number Accession Number Koha item type
Reference KAUAET KAUAET Reference 631.56 DIV/ST P 146 Project Report
free website counter